[Event "Drobeta"]
[Site "Drobeta"]
[Date "1993.??.??"]
[Round "?"]
[White "Tomescu, Vlad"]
[Black "Leustean, Laurentiu"]
[Result "1-0"]
[WhiteElo "2435"]
[BlackElo "2225"]
[PlyCount "41"]
[EventDate "1993.??.??"]
[EventType "tourn"]
[EventRounds "11"]
[EventCountry "ROU"]
[EventCategory "4"]
[SourceTitle "EXT 1997"]
[Source "ChessBase"]
[SourceDate "1996.11.15"]
[SourceVersion "1"]
[SourceVersionDate "1996.11.15"]
[SourceQuality "1"]

1. e4 c5 2. d4 cxd4 3. c3 dxc3 4. Nxc3 Nc6 5. Nf3 e6 6. Bc4 Qc7 7. O-O Nf6 8. Nb5 Qb8 9. e5 Nxe5 10. Nxe5 ({RR} 10. Bf4 d6 11. Rc1 Be7 12. Nxe5 dxe5 13. Nc7+ Qxc7 14. Bb5+ Bd7 15. Rxc7 Bxb5 16. Bxe5 Bxf1 17. Qxf1 Nd5 18. Qb5+ Kf8 19. Rxb7 f6 20. Rb8+ Kf7 21. Rxh8 Rxh8 22. Bd4 Rc8 23. g3 Rc1+ 24. Kg2 Rc7 {Tavernier,L (2082)-Tabernilla,T (2000) chess.com INT 2025 1-0 (62)}) 10... Qxe5 11. Re1 Qb8 12. g3 ({RR} 12. Qd4 d6 13. Bf4 Bd7 14. Rac1 Bc6 15. Bxd6 Bxd6 16. Nxd6+ Kf8 17. Nxf7 Kxf7 18. Bxe6+ Kg6 19. Qd3+ Kh6 20. Qh3+ Kg6 21. Qf5+ Kh6 22. Rc3 Nh5 23. Rh3 Qe8 24. Qf4+ g5 25. Qf6+ Qg6 26. Rxh5+ Kxh5 {Sakaev,K (2596)-Al Ghamdi,A (2107) Moscow 2019 0-1}) 12... a6 $146 ({RR} 12... d6 13. Bf4 e5 14. Qb3 Be7 15. Bxf7+ Kf8 16. Bg5 Bd7 17. Bxf6 Bxf6 18. Bd5 a6 19. Nc3 Bc6 20. Rac1 Qe8 21. Ne4 Rd8 22. Rcd1 Bxd5 23. Qxd5 Qf7 24. Qxf7+ Kxf7 25. Nxd6+ Ke6 26. Nxb7 Rxd1 27. Rxd1 {Nemergut,P (1886)-Kovalik,J (2010) Zilina 2011 ½-½ (49)}) 13. Bf4 d6 14. Nxd6+ Bxd6 15. Bxd6 Qa7 16. Rc1 Bd7 17. Qb3 b5 18. Bxe6 fxe6 19. Rxe6+ Bxe6 20. Qxe6+ Kd8 21. Bc5 1-0

[Event "Bucharest Tim"]
[Site "Bucharest"]
[Date "1993.??.??"]
[Round "6"]
[White "Tomescu, Vlad"]
[Black "Salgado Allaria, Carlos Fernando"]
[Result "1-0"]
[WhiteElo "2435"]
[BlackElo "2205"]
[PlyCount "75"]
[EventDate "1993.??.??"]
[EventType "tourn"]
[EventRounds "13"]
[EventCountry "ROU"]
[EventCategory "4"]
[SourceTitle "CBM 035 Extra"]
[Source "ChessBase"]
[SourceDate "1993.09.01"]
[SourceVersion "1"]
[SourceVersionDate "1993.09.01"]
[SourceQuality "1"]

1. e4 c5 2. d4 cxd4 3. c3 dxc3 4. Nxc3 e6 5. Nf3 Bc5 6. Bc4 Ne7 7. O-O O-O 8. Qe2 ({RR} 8. Bg5 f6 9. Bf4 Ng6 10. Bg3 Nc6 11. a3 Nge5 12. Ba2 a6 13. b4 Ba7 14. b5 Nxf3+ 15. Qxf3 Ne5 16. Qe2 Bc5 17. a4 Kh8 18. Kh1 axb5 19. Nxb5 b6 20. Bb3 Bb7 21. Rad1 Qe7 22. f4 Nf7 {Chandler,M (2470)-Timman,J (2655) Wijk aan Zee 1982 0-1 (41)}) 8... Nbc6 9. Rd1 a6 10. a4 Ng6 $146 ({RR} 10... b6 11. Bf4 Qe8 12. Rac1 Bb7 13. e5 f6 14. exf6 Rxf6 15. Bg5 Rg6 16. Ne4 Nf5 17. h4 Ncd4 18. Nxd4 Nxd4 19. Rxd4 Bxd4 20. Nd6 Qb8 21. Nxb7 Qxb7 22. Bd3 Rf8 23. Rf1 Rxg5 24. hxg5 a5 25. Bxh7+ {Donmez,U (1816)-Rakhatbekov,T (1489) Belgrade SRB 2023 0-1 (45)}) ({RR} 10... b6 11. Bf4 Qe8 12. Rac1 Bb7 13. e5 f6 14. exf6 Rxf6 15. Bg5 Rg6 16. Ne4 Nf5 17. h4 Ncd4 18. Nxd4 Nxd4 19. Rxd4 Bxd4 20. Nd6 Qb8 21. Nxb7 Qxb7 22. Bd3 Rf8 23. Rf1 Rxg5 24. hxg5 a5 25. Bxh7+ {Donmez,U (1816)-Rakhatbekov,T (1489) Belgrade SRB 2023 0-1 (45)}) 11. Be3 Bxe3 12. Qxe3 Nce5 13. Nxe5 Nxe5 14. Be2 Ng6 15. f4 Qc7 16. g3 b6 17. Rac1 Qb8 18. Rd2 Ra7 19. Rcd1 Rc7 20. b4 Ne7 21. Kf2 h6 22. Rd6 Rc6 23. R6d3 Qc7 24. b5 axb5 25. Nxb5 Qb8 26. Bf3 Rc2+ 27. Kg1 d5 28. Rb3 dxe4 29. Bxe4 Nd5 30. Rxd5 exd5 31. Bxc2 Bh3 32. Qf2 Re8 33. Re3 Rc8 34. Qe2 g6 35. Re7 Rd8 36. Bxg6 fxg6 37. Qb2 d4 38. Qb3+ 1-0

[Event "Titled Tue 30th Apr Early"]
[Site "chess.com INT"]
[Date "2024.04.30"]
[Round "6"]
[White "Alikhanov, F.."]
[Black "Wueest, A.."]
[Result "1-0"]
[WhiteElo "2434"]
[BlackElo "2234"]
[PlyCount "49"]
[EventDate "2024.04.30"]

1. e4 c5 2. d4 cxd4 3. c3 dxc3 4. Nxc3 e6 5. Nf3 a6 6. Bc4 b5 7. Bb3 Nc6 8. O-O Na5 9. Qe2 Nxb3 10. axb3 Bb7 11. Rd1 Bc5 12. Ne5 $146 ({RR} 12. Be3 Bxe3 13. Qxe3 Ne7 14. Qd4 f6 15. Rd2 Bc6 16. e5 O-O 17. exf6 Nf5 18. Qf4 Qxf6 19. Ne4 Qe7 20. Ne5 Bxe4 21. Qxe4 d5 22. Qe2 Rfc8 23. Re1 Re8 24. Rc1 Rac8 25. Rxc8 Rxc8 26. Rc2 Qb7 {Garbuzov,A (1053)-Emanouilov,R (1233) Batumi 2022 ½-½ (31)}) 12... d6 13. Nxb5 Qb6 14. Nxd6+ Bxd6 15. Nc4 Qc7 16. Nxd6+ Kf8 17. Bf4 Nf6 18. Rac1 Qe7 19. Nf5 exf5 20. Bd6 Qxd6 21. Rxd6 Bxe4 22. f3 Bb7 23. Rc7 Rb8 24. Qe7+ Kg8 25. Qxf7# 1-0

[Event "Corsica Masters op 16th"]
[Site "Bastia"]
[Date "2012.10.28"]
[Round "9"]
[White "Flom, Gabriel"]
[Black "Dimitrov, Radoslav"]
[Result "1-0"]
[WhiteElo "2434"]
[BlackElo "2403"]
[PlyCount "59"]
[EventDate "2012.10.27"]
[EventType "swiss (rapid)"]
[EventRounds "9"]
[EventCountry "FRA"]
[SourceTitle "EXT 2013"]
[Source "ChessBase"]
[SourceDate "2012.11.22"]
[SourceVersion "1"]
[SourceVersionDate "2012.11.22"]
[SourceQuality "1"]

1. d4 c5 2. e4 cxd4 3. c3 dxc3 4. Nxc3 Nc6 5. Nf3 e6 6. Bc4 Nf6 7. O-O d6 8. Bg5 a6 9. Qe2 Be7 10. Rfd1 Qc7 11. Rac1 Qb8 12. Bb3 $146 ({RR} 12. Bf4 O-O 13. h3 Ne5 14. Nxe5 dxe5 15. Be3 b5 16. Bb3 Bb7 17. Bg5 Rd8 18. Rxd8+ Qxd8 19. Rd1 Qc7 20. a3 Rd8 21. Rxd8+ Qxd8 22. f3 Nh5 23. Be3 Nf4 24. Qd2 Qxd2 25. Bxd2 Nd3 26. Nd1 Bc5+ {Ahlich,T (1912)-Mehwald,T (1996) Mittelfranken 2006 0-1 (71)}) 12... Bd7 13. Rd2 O-O 14. e5 Ne8 15. exd6 Bxg5 16. Nxg5 h6 17. Nge4 e5 18. Nd5 Nd4 19. Qh5 Nxd6 20. Nef6+ Kh8 21. Nxd7 Qd8 22. Nxf8 Ne4 23. Rxd4 exd4 24. Qxf7 Qxf8 25. Qxf8+ Rxf8 26. f3 Nd6 27. Rd1 Re8 28. Rxd4 Re1+ 29. Kf2 Rb1 30. Rd2 1-0

[Event "Titled Tuesday intern op 29th Mar Early"]
[Site "Chess.com INT"]
[Date "2022.03.29"]
[Round "8"]
[White "Szpar, Milosz"]
[Black "Derraugh, Geordie"]
[Result "1-0"]
[WhiteElo "2434"]
[BlackElo "2202"]
[PlyCount "65"]
[EventDate "2022.03.29"]
[EventType "swiss (blitz)"]
[EventRounds "11"]
[EventCountry "USA"]
[SourceTitle "CBM 207 Extra"]
[Source "ChessBase"]
[SourceDate "2022.05.31"]
[SourceVersion "1"]
[SourceVersionDate "2022.05.31"]
[SourceQuality "1"]

1. e4 c5 2. d4 cxd4 3. c3 dxc3 4. Nxc3 e6 5. Nf3 d6 6. Bc4 h6 ({RR} 6... Nf6 7. O-O a6 8. Qe2 b5 9. Bb3 Ra7 10. e5 dxe5 11. Nxe5 Bc5 12. Be3 Bxe3 13. Qxe3 Qe7 14. Rac1 O-O 15. Rfd1 Rc7 16. Ne2 Rxc1 17. Rxc1 Qb7 18. Nf4 Qe4 19. Nxf7 Qxe3 20. fxe3 Kxf7 21. Rxc8 {Morvay,M (2305)-Gostisa,L (2420) Budapest 1989 ½-½ (57)}) 7. O-O Nf6 $146 ({RR} 7... Be7 8. Qe2 a6 9. Rd1 Qc7 10. Bf4 Nc6 11. Rac1 Nf6 12. Nd5 exd5 13. exd5 O-O 14. dxc6 bxc6 15. Nd4 c5 16. b4 Qd7 17. bxc5 d5 18. Bb3 Re8 19. Qc2 Qg4 20. Be5 Bd8 21. h3 Qh5 22. Bd6 {Medina,J-Cuenya de la Iglesia,C Valladolid 1985 0-1}) ({RR} 7... a6 8. Qe2 Nc6 9. Bf4 Nge7 10. Rfd1 Ng6 11. Bg3 Be7 12. Rac1 O-O 13. e5 d5 14. Bd3 Nh4 15. Nxh4 Bxh4 16. Na4 Bxg3 17. hxg3 Qg5 18. Nb6 Rb8 19. Bxa6 Nxe5 20. Bb5 Ng4 21. Qf3 e5 22. Nxc8 {Diaz,F (2121)-Souza dos Santos,M (1959) Chess.com INT 2020 1-0 (51)}) 8. Bf4 e5 9. Be3 Be6 10. Qb3 Qd7 11. Rfd1 Nc6 12. Rac1 Na5 13. Bxe6 fxe6 14. Qb5 Nc6 15. Nh4 Ne7 16. Qb3 g5 17. Nf3 Nc6 18. Nd2 Ng4 19. Nc4 Nxe3 20. fxe3 O-O-O 21. Nb5 Kb8 22. Ncxd6 Bxd6 23. Rxd6 Qc8 24. Rdxc6 bxc6 25. Nd6+ Ka8 26. Nxc8 Rxc8 27. Qxe6 Kb7 28. Qxe5 Rhe8 29. Qg7+ Rc7 30. Qxh6 Rxe4 31. Qxg5 Rce7 32. Qc5 Rxe3 33. Qxc6+ 1-0

[Event "Brunei IM-B"]
[Site "Bandar Seri Begawan"]
[Date "2010.08.01"]
[Round "3"]
[White "Barbosa, Oliver"]
[Black "Ansari, Mohd Athar"]
[Result "1-0"]
[WhiteElo "2433"]
[BlackElo "2247"]
[PlyCount "59"]
[EventDate "2010.07.31"]
[EventType "tourn"]
[EventRounds "9"]
[EventCountry "BRN"]
[EventCategory "3"]
[SourceTitle "CBM 137 Extra"]
[Source "ChessBase"]
[SourceDate "2010.09.01"]
[SourceVersion "1"]
[SourceVersionDate "2010.09.01"]
[SourceQuality "1"]

1. e4 c5 2. Nc3 Nc6 3. Bb5 g6 4. Bxc6 dxc6 5. d3 Bg7 6. f4 Nf6 7. Nf3 Bg4 8. O-O O-O 9. Kh1 ({RR} 9. h3 Bxf3 10. Qxf3 Nd7 11. Kh1 a5 12. Bd2 a4 13. Rae1 b5 14. e5 Rc8 15. e6 fxe6 16. Rxe6 Rf6 17. Rfe1 Bf8 18. Qg4 Nb6 19. Ne4 Rf5 20. Rxg6+ hxg6 21. Qxg6+ Kh8 22. Qxf5 Qd5 23. Qg6 Qg8 {Sanal,V (2601)-Zakhartsov,V (2505) Chess.com INT 2022 1-0}) ({RR} 9. h3 Bxf3 10. Qxf3 Nd7 11. Be3 b6 12. Rae1 Qc7 13. e5 Rad8 14. Ne4 Rfe8 15. Kh1 Nf8 16. f5 Qxe5 17. fxg6 fxg6 18. Qf7+ Kh8 19. Bg5 Qd5 20. Bxe7 Qxf7 21. Rxf7 Rc8 22. Nd6 Bxb2 23. Nxc8 Rxc8 {Kravtsiv,M (2598)-Skytte,R (2332) chess.com INT 2025 1-0 (60)}) 9... b5 $146 ({RR} 9... Nd7 10. Bd2 e6 11. h3 Bxf3 12. Qxf3 c4 13. Rad1 cxd3 14. cxd3 Qb6 15. Bc1 Rad8 16. f5 exf5 17. exf5 Ne5 18. Qg3 Qd4 19. Be3 Qd6 20. Ne4 Qd5 21. f6 Bh8 22. Bc5 Rfe8 23. Be7 Rd7 24. Qh4 {Barbosa,O (2435)-Granero Roca,A (2385) ICC INT 2009 1-0 (36)}) 10. Qe1 Bxf3 11. Rxf3 e6 12. Be3 Nd7 13. Rd1 f5 14. e5 Qe7 15. Nb1 Rfd8 16. Bf2 Qe8 17. Nd2 Bf8 18. Bh4 Be7 19. Rh3 Nf8 20. Nb3 Rd5 21. Bxe7 Qxe7 22. c4 bxc4 23. dxc4 Rxd1 24. Qxd1 Rd8 25. Qg1 Rd7 26. Rf3 Qd8 27. Rf1 Qb6 28. Qf2 Rd4 29. Nxd4 cxd4 30. c5 1-0

[Event "NED-chT 0809"]
[Site "Netherlands"]
[Date "2008.12.13"]
[Round "4.7"]
[White "Berkvens, Joost"]
[Black "Kuipers, Stefan"]
[Result "1-0"]
[WhiteElo "2431"]
[BlackElo "2318"]
[PlyCount "59"]
[EventDate "2008.09.27"]
[EventType "team-tourn"]
[EventRounds "9"]
[EventCountry "NED"]
[SourceTitle "EXT 2010"]
[Source "ChessBase"]
[SourceDate "2010.11.25"]
[SourceVersion "1"]
[SourceVersionDate "2010.11.25"]
[SourceQuality "1"]
[WhiteTeam "Utrecht"]
[BlackTeam "Homburg Apeldoorn"]
[WhiteTeamCountry "NED"]
[BlackTeamCountry "NED"]

1. e4 c5 2. Nc3 Nc6 3. Bb5 g6 4. Bxc6 dxc6 5. f4 Bg7 6. Nf3 Nf6 7. d3 O-O 8. O-O Re8 9. Qe1 b6 10. Kh1 Nd7 11. f5 e6 $146 ({RR} 11... Ne5 12. Nxe5 Bxe5 13. Bf4 Bg7 14. Qg3 Qd4 15. Rae1 b5 16. Be3 Qd6 17. Qf2 c4 18. Bc5 Qf6 19. d4 Kh8 20. g4 Qg5 21. Qg3 h5 22. e5 Qxg4 23. Qxg4 hxg4 24. fxg6 fxg6 25. e6 a5 26. Rf4 {Wegerle,J (2440)-Represa Perez,M (1772) Lisbon 2014 1-0 (42)}) 12. fxg6 fxg6 13. e5 Rf8 14. Bg5 Qc7 15. Qg3 Bxe5 16. Nxe5 Rxf1+ 17. Rxf1 Qxe5 18. Qf2 Qxg5 19. Qf7+ Kh8 20. Qe8+ Kg7 21. Ne4 Qh5 22. Nd6 Qe2 23. Qe7+ Kh6 24. Nf7+ Kg7 25. Ng5+ Kh6 26. Qxh7+ Kxg5 27. h4+ Kg4 28. Qxg6+ Kxh4 29. Rf4+ Qg4 30. Rxg4# 1-0

[Event "Philadelphia op 8th"]
[Site "Philadelphia"]
[Date "2014.04.18"]
[Round "4"]
[White "Esserman, Marc"]
[Black "Yanayt, Eugene"]
[Result "1-0"]
[WhiteElo "2431"]
[BlackElo "2237"]
[PlyCount "55"]
[EventDate "2014.04.16"]
[EventType "swiss"]
[EventRounds "9"]
[EventCountry "USA"]
[SourceTitle "CBM 159 Extra"]
[Source "ChessBase"]
[SourceDate "2014.04.24"]
[SourceVersion "1"]
[SourceVersionDate "2014.04.24"]
[SourceQuality "1"]

1. e4 c5 2. d4 cxd4 3. c3 dxc3 4. Nxc3 Nc6 5. Nf3 d6 6. Bc4 e6 7. O-O Be7 8. Qe2 Nf6 9. Rd1 e5 10. Be3 O-O 11. Rac1 Bd7 12. a3 a6 13. b4 Rc8 14. h3 h6 15. Qa2 Qe8 $146 ({RR} 15... b5 16. Bb3 a5 17. Nxb5 axb4 18. Nh4 Rb8 19. Ng6 Rxb5 20. Nxf8 Kxf8 21. Bc4 b3 22. Qb1 Rb6 23. Bxb6 Qxb6 24. Bxb3 Nd4 25. Bc4 Qa7 26. Qa2 Nxe4 27. Bxf7 Bh4 28. Bg6 Be6 29. Qb2 Nc5 30. Rxd4 {Nothnagel,M (2363)-Legde,G (2333) Germany 2019 1-0 (41)}) 16. Nh4 Kh8 17. Bb3 a5 18. b5 Nd4 19. Bxd4 exd4 20. Rxd4 Bxb5 21. Qd2 Nh5 22. Nf3 Bf6 23. Rxd6 Bxc3 24. Rxc3 Qxe4 25. Bc2 Qe2 26. Rxh6+ Kg8 27. Bh7+ Kh8 28. Bd3+ 1-0

[Event "Barbera del Valles op 42nd"]
[Site "Barbera del Valles"]
[Date "2019.07.06"]
[Round "3"]
[White "Sturt, Raven M"]
[Black "Vehi Bach, Victor Manuel"]
[Result "1-0"]
[WhiteElo "2429"]
[BlackElo "2339"]
[PlyCount "67"]
[EventDate "2019.07.04"]
[EventType "swiss"]
[EventRounds "9"]
[EventCountry "ESP"]
[SourceTitle "EXT 2020"]
[Source "ChessBase"]
[SourceDate "2019.10.17"]
[SourceVersion "1"]
[SourceVersionDate "2019.10.17"]
[SourceQuality "1"]

1. e4 c5 2. d4 cxd4 3. c3 dxc3 4. Nxc3 Nc6 5. Nf3 e6 6. Bc4 a6 7. O-O Nge7 8. Bg5 f6 9. Be3 b5 10. Bb3 Bb7 11. Nd2 ({RR} 11. a4 b4 12. Nd5 Nc8 13. Bf4 Bd6 14. Bxd6 Nxd6 15. Nxf6+ gxf6 16. Qxd6 Rc8 17. Rad1 Qe7 18. Qd2 Na5 19. Ba2 Bxe4 20. Nd4 Rg8 21. f3 Bb7 22. Nf5 Qc5+ 23. Kh1 d5 24. Rfe1 Kd7 25. Qh6 Rce8 {Mosadeghpour,M (2472)-Nakamura,H (2768) chess.com INT 2023 1-0 (43)}) 11... Na5 12. Re1 $146 ({RR} 12. f4 d5 13. Bf2 Rc8 14. Qg4 Nxb3 15. Nxb3 b4 16. Na4 dxe4 17. Qxe6 Qd5 18. Qh3 Qf5 19. Nbc5 Qxh3 20. gxh3 Rc7 21. Nxb7 Rxb7 22. Nc5 Rb5 23. Nxe4 Nd5 24. Bd4 Be7 25. Kg2 Kf7 26. Kf3 Rd8 {Higgins,J (2381)-Marthe Playchess.com INT 2007 0-1 (48)}) ({RR} 12. Bc2 Rc8 13. Rc1 Ng6 14. f4 Bc5 15. Bxc5 Rxc5 16. f5 Ne5 17. Qh5+ Ke7 18. Nb3 Nxb3 19. Bxb3 Qc7 20. Rcd1 Rc6 21. Kh1 Rd6 22. Rxd6 Qxd6 23. Rd1 Qc7 24. a3 Bc6 25. Qh4 Qb7 26. Qf2 Kf7 {Spain,G (2200)-Stuart,P (2139) Wanganui 2007 ½-½ (43)}) 12... g6 13. Bc5 Rc8 14. Bd6 Nec6 15. Bxf8 Kxf8 16. Nf3 Qe7 17. e5 f5 18. Qd2 Kg7 19. Rad1 Rc7 20. Qe3 Nxb3 21. axb3 Nb4 22. Nd4 h6 23. Nce2 Qg5 24. Nf4 Kf7 25. Nxb5 axb5 26. Qb6 Bxg2 27. Qxc7 Bd5+ 28. Kf1 Qxf4 29. Qxd7+ Kf8 30. Qd8+ Kg7 31. Qf6+ Kg8 32. Qxg6+ Kf8 33. Qf6+ Kg8 34. Re3 1-0

[Event "ESP-ch 80th"]
[Site "Linares"]
[Date "2015.08.28"]
[Round "6"]
[White "Espinosa Aranda, Angel"]
[Black "Nicolas Zapata, Irene"]
[Result "1-0"]
[WhiteElo "2427"]
[BlackElo "2203"]
[PlyCount "81"]
[EventDate "2015.08.23"]
[EventType "swiss"]
[EventRounds "9"]
[EventCountry "ESP"]
[SourceTitle "EXT 2016"]
[Source "ChessBase"]
[SourceDate "2015.10.08"]
[SourceVersion "1"]
[SourceVersionDate "2015.10.08"]
[SourceQuality "1"]

1. e4 c5 2. Nc3 Nc6 3. Bb5 g6 4. Bxc6 dxc6 5. d3 Bg7 6. f4 Nf6 7. Nf3 O-O 8. O-O b6 9. Qe1 c4 ({RR} 9... Ba6 10. b3 Nd7 11. e5 f6 12. Bb2 fxe5 13. fxe5 Qc7 14. Nd1 Rf4 15. e6 Bxb2 16. Nxb2 Nf6 17. Qe5 Rc8 18. Rae1 Qxe5 19. Nxe5 Rxf1+ 20. Kxf1 Bb7 21. a4 Rf8 22. Kg1 Nd5 23. Nbc4 Nf4 24. Nd7 {Indjic,A (2641)-Kanakaris,G (2391) chess.com INT 2023 1-0 (43)}) ({RR} 9... Ba6 10. f5 Qc7 11. Qh4 e5 12. Bh6 Qe7 13. Ng5 Nh5 14. Bxg7 Kxg7 15. Ne6+ {1-0 (15) Bersamina,P (2411)-Naudin,Y (1916) Bangkok THA 2025}) 10. dxc4 $146 ({RR} 10. d4 b5 11. e5 Nd5 12. Ne4 Bf5 13. Nh4 Bxe4 14. Qxe4 f5 15. Qe1 e6 16. Nf3 a5 17. Bd2 Qb6 18. Kh1 c5 19. c3 cxd4 20. Nxd4 Rfd8 21. a3 Bf8 22. Qh4 Bc5 23. Nf3 Be7 24. Qh6 Rd7 {Rozman,L (2322)-Urazayev,A (2471) chess.com INT 2024 0-1 (78)}) ({RR} 10. d4 b5 11. e5 Nd5 12. Ne4 Bf5 13. Nh4 Bxe4 14. Qxe4 f5 15. Qe1 e6 16. Nf3 a5 17. Bd2 Qb6 18. Kh1 c5 19. c3 cxd4 20. Nxd4 Rfd8 21. a3 Bf8 22. Qh4 Bc5 23. Nf3 Be7 24. Qh6 Rd7 {Rozman,L (2322)-Urazayev,A (2471) chess.com INT 2024 0-1 (78)}) 10... Be6 11. Qe2 b5 12. Rd1 Qb6+ 13. Be3 Bxc4 14. Qe1 Qc7 15. e5 Nd5 16. b3 Nxe3 17. Qxe3 Be6 18. Ne4 Bd5 19. Nc5 Qb6 20. Kf2 Rfd8 21. Nd2 f6 22. c4 fxe5 23. cxd5 exf4 24. Qe6+ Kh8 25. b4 Rxd5 26. Nf3 Rxc5 27. bxc5 Qxc5+ 28. Kf1 Bxa1 29. Rxa1 Qa3 30. Rd1 Rf8 31. Qxc6 b4 32. Qe6 Qa4 33. Qe5+ Kg8 34. Qd5+ Kg7 35. Re1 Rf5 36. Rxe7+ Kh6 37. Qd4 Qa6+ 38. Ke1 Rf6 39. Qd7 g5 40. Rxh7+ Kg6 41. Ne5# 1-0

[Event "Foxwoods op 10th"]
[Site "Ledyard"]
[Date "2008.03.20"]
[Round "2"]
[White "Lenderman, Aleksandr"]
[Black "Dougherty, Michael J"]
[Result "1-0"]
[WhiteElo "2427"]
[BlackElo "2200"]
[PlyCount "55"]
[EventDate "2008.03.19"]
[EventType "swiss"]
[EventRounds "9"]
[EventCountry "USA"]
[SourceTitle "CBM 123 Extra"]
[Source "ChessBase"]
[SourceDate "2008.05.06"]
[SourceVersion "1"]
[SourceVersionDate "2008.05.06"]
[SourceQuality "1"]

1. e4 c5 2. d4 cxd4 3. c3 dxc3 4. Nxc3 Nc6 5. Nf3 d6 6. Bc4 e6 7. Qe2 a6 8. Be3 Be7 9. O-O Nf6 10. Rfd1 Qc7 11. Rac1 Ng4 $146 ({RR} 11... O-O 12. a3 Bd7 13. b4 b5 14. Ba2 Qb7 15. Bf4 e5 16. Bg5 Bg4 17. Bxf6 Bxf6 18. Rxd6 Nd4 19. Qe3 Qc7 20. Rd5 Rac8 21. Rc5 Qd6 22. Nd5 h6 23. Nxf6+ gxf6 24. Nxd4 exd4 25. Qxh6 Rxc5 26. Rxc5 {Balint,R (1989)-Konya,A (1803) Hungary 2012 1-0}) 12. Bf4 O-O 13. Bb3 Nge5 14. Nd4 Bf6 15. Be3 Qe7 16. f4 Nd7 17. Qd2 Na5 18. Nf3 Nxb3 19. axb3 Bxc3 20. Qxc3 Nf6 21. Qd3 Ne8 22. e5 Bd7 23. exd6 Qf6 24. Ne5 Bb5 25. Qc2 Qf5 26. Qxf5 exf5 27. d7 f6 28. Nf3 1-0

[Event "Harvard op"]
[Site "Harvard"]
[Date "2008.10.11"]
[Round "3"]
[White "Esserman, Marc"]
[Black "Martirosov, Vadim"]
[Result "1-0"]
[WhiteElo "2424"]
[BlackElo "2235"]
[PlyCount "49"]
[EventDate "2008.10.11"]
[EventType "swiss"]
[EventRounds "1"]
[EventCountry "USA"]
[SourceTitle "EXT 2015"]
[Source "ChessBase"]
[SourceDate "2014.11.20"]
[SourceVersion "1"]
[SourceVersionDate "2014.11.20"]
[SourceQuality "1"]

1. e4 c5 2. d4 cxd4 3. c3 dxc3 4. Nxc3 e6 5. Nf3 a6 6. Bc4 d6 7. O-O b5 8. Bb3 Ra7 9. Be3 Rd7 10. Nd4 Nf6 11. f4 Bb7 12. f5 e5 13. Ne6 fxe6 14. fxe6 Rc7 15. Bb6 Be7 16. Rc1 $146 ({RR} 16. Nd5 Bxd5 17. exd5 O-O 18. Qe2 Qc8 19. Bxc7 Qxc7 20. Rac1 Qb7 21. Rf3 a5 22. a3 Na6 23. Rcf1 Nc5 24. Ba2 b4 25. Bc4 e4 26. Rf5 Na4 27. Bb3 Nc5 28. Bc4 Na4 29. Bb3 Nb6 30. axb4 axb4 {Weitzer,S (2250)-Lorenz,G (2255) Germany 1995 1-0 (47)}) 16... O-O 17. Bxc7 Qxc7 18. Nd5 Qd8 19. Nxe7+ Qxe7 20. Rc7 Qxc7 21. e7+ d5 22. Bxd5+ Bxd5 23. Qxd5+ Rf7 24. Qd8+ Qxd8 25. exd8=Q+ 1-0

[Event "FRA-chT2 West 0607"]
[Site "France"]
[Date "2007.03.17"]
[Round "8.1"]
[White "Shirazi, Kamran"]
[Black "Heurtebize, Olivier"]
[Result "1-0"]
[WhiteElo "2424"]
[BlackElo "2279"]
[PlyCount "74"]
[EventDate "2006.10.15"]
[EventType "team"]
[EventRounds "11"]
[EventCountry "FRA"]
[SourceTitle "EXT 2008"]
[Source "ChessBase"]
[SourceDate "2007.11.25"]
[SourceVersion "1"]
[SourceVersionDate "2007.11.25"]
[SourceQuality "1"]
[WhiteTeam "Rueil Malmaison"]
[BlackTeam "Le Mans"]
[WhiteTeamCountry "FRA"]
[BlackTeamCountry "FRA"]

1. e4 c5 2. d4 cxd4 3. c3 dxc3 4. Nxc3 a6 5. Bc4 Nc6 6. Nf3 e6 7. O-O Nge7 8. Bg5 f6 9. Bf4 Ng6 10. Bg3 Bc5 ({RR} 10... b5 11. Bd5 Bb7 12. Qe2 Bb4 13. Rad1 Qe7 14. Bxc6 Bxc6 15. a3 Bxc3 16. bxc3 e5 17. h4 O-O 18. h5 Nh8 19. Bf4 exf4 20. Rfe1 Nf7 21. Nh4 Nh6 22. Qf3 Qe5 23. Rd4 Rae8 24. Qh3 f5 25. f3 {Purygin,A (2335)-Omariev,M (2304) chess.com INT 2025 0-1}) ({RR} 10... Be7 11. a3 O-O 12. Ba2 b5 13. Nd5 Nge5 14. Nxe7+ Qxe7 15. Nd2 Bb7 16. f4 Nf7 17. Nf3 Na5 18. e5 Bxf3 19. Rxf3 fxe5 20. fxe5 Nc6 21. Rc1 Rac8 22. Rd3 Rfd8 23. Qe1 Nd4 24. Rdc3 Rxc3 25. Rxc3 {Shirazi,K (2352)-Purenne,B (2006) Avoine 2011 1-0 (39)}) 11. a3 O-O 12. b4 Be7 13. Nd5 $146 ({RR} 13. Bb3 Kh8 14. Rc1 a5 15. Nb5 axb4 16. Bc7 Qe8 17. a4 Rf7 18. Nfd4 {½-½ (18) Grabher,H (2185)-Kohlweyer,B (2450) Liechtenstein 1994}) 13... exd5 14. exd5 Nce5 15. d6+ Nxc4 16. Qd5+ Rf7 17. dxe7 Nxe7 18. Qxc4 d5 19. Qb3 Nc6 20. Rad1 Be6 21. Rfe1 Re7 22. a4 Bf7 23. b5 axb5 24. axb5 Na5 25. Qb4 Rxe1+ 26. Rxe1 Nc4 27. h4 Qf8 28. Qe7 b6 29. Qb7 Re8 30. Ra1 Re7 31. Qc6 Re6 32. Qd7 Qe8 33. Qb7 Re7 34. Qc6 Re6 35. Qb7 Re7 36. Qc6 Re6 37. Qb7 Re7 1-0

[Event "Titled Tuesday intern op 01st Dec"]
[Site "Chess.com INT"]
[Date "2020.12.01"]
[Round "5"]
[White "Bodnaruk, Anastasia"]
[Black "Gogolev, Artem"]
[Result "1-0"]
[WhiteElo "2423"]
[BlackElo "2306"]
[PlyCount "73"]
[EventDate "2020.12.01"]
[EventType "swiss (blitz)"]
[EventRounds "11"]
[EventCountry "USA"]
[SourceTitle "CBM 199 Extra"]
[Source "ChessBase"]
[SourceDate "2021.01.31"]
[SourceVersion "1"]
[SourceVersionDate "2021.01.31"]
[SourceQuality "1"]

1. e4 c5 2. Nc3 Nc6 3. Bb5 g6 4. Bxc6 dxc6 5. d3 Bg7 6. f4 Nf6 7. Nf3 O-O 8. O-O Ne8 9. Be3 b6 10. Qe2 Nc7 11. Qf2 Ne6 12. Rad1 $146 ({RR} 12. Rae1 Nd4 13. h3 Ba6 14. e5 Nxf3+ 15. Qxf3 Qc7 16. b3 Bc8 17. Rd1 f6 18. exf6 Bxf6 19. Ne4 Bd4 20. Bxd4 cxd4 21. Qg3 Rxf4 22. Rde1 Kg7 23. Ng5 Qd6 24. Re4 h6 25. Nf3 c5 26. Rfe1 e6 {Nuber,K (2106)-Paul,J (2038) Arendsee 2008 1-0 (32)}) 12... Nd4 13. Bxd4 cxd4 14. Ne2 c5 15. c3 dxc3 16. bxc3 Bb7 17. Ne5 Qc7 18. Qg3 Rad8 19. h4 Rd6 20. h5 Re6 21. Nf3 c4 22. Ned4 Rd6 23. e5 Rdd8 24. hxg6 hxg6 25. Ng5 e6 26. Qh3 Rfe8 27. Qh7+ Kf8 28. dxc4 Qxc4 29. Kh2 Qxa2 30. Qh3 Bd5 31. Ra1 Qc4 32. Rfd1 Qc7 33. Qh7 Qxc3 34. Rxa7 Re7 35. Ndxe6+ fxe6 36. Nxe6+ Bxe6 37. Rxd8+ 1-0